Statistics for Andorra in the Eurovision Song Contest

Click here to take the quiz!

General Stats

  • This quiz has been taken 33 times
  • The average score is 5 of 6

Answer Stats

YearPlaceSongArtist% Correct
200816 (SF)CasanovaGisela
89%
200712 (SF)Salvem el mónAnonymous
85%
200623 (SF)Sense tuJenny
81%
200915 (SF)La teva decisió (Get a Life)Susanne Georgi
81%
200418 (SF)Jugarem a estimar-nosMarta Roure
67%
200523 (SF)La mirada interiorMarian van de Wal
63%

Score Distribution

Percentile by Number Answered

Percent of People with Each Score

Your Score History

You have not taken this quiz